01043 2200301 4500001002100000005001500021035002000036007000300056008004100059040002200100082001600122084001800138090002000156245010500176300002500281500002600306650003200332850001200364110005800376240003400434710004200468264009300510336002100603337003000624338002300654651004500677990001900722INLIS00000000086525920211007033730 a0010-1021000179ta211006s1999 jki g l ind d aYOPDYOGbinderda04223a349.598 a349.598 IND l aR 349.598 IND l10aLembaran Negara Republik Indonesia tahun 1999 no. 1-64 /cPusat Kajian dan Informasi Hukum Indonesia a943 halaman ;c21 cm ayang diterima Jilid 1 aUndang-undang dan peraturan aYOPDYOG1 aIndonesia. Pusat Kajian dan Informasi Hukum Indonesia10aUndang-undang, peraturan, dsb2 aSekretariat Negara Republik Indonesia31atempat terbit tidak teridentifikasi :bPusat Kajian dan Informasi Hukum Indonesia,c1999 2rdacontentateks 2rdamediaatanpa perantara 2rdacarrieravolume 4aIndonesia--xUndang-undang dan peraturan a4189-BPAD/P.02